Sivasahasranamastakam/ (Record no. 42235)

000 -LEADER
fixed length control field 00333nam a22001331a 4500
020 ## - INTERNATIONAL STANDARD BOOK NUMBER
International Standard Book Number 9788170813507
082 ## - DEWEY DECIMAL CLASSIFICATION NUMBER
Classification number S 294.543
Item number RAM/S
100 ## - MAIN ENTRY--PERSONAL NAME
Personal name Ram Karan Sharma
9 (RLIN) 126508
245 ## - TITLE STATEMENT
Title Sivasahasranamastakam/
Statement of responsibility, etc. by Ram Karan Sharma.
260 ## - PUBLICATION, DISTRIBUTION, ETC.
Place of publication, distribution, etc. Delhi:
Name of publisher, distributor, etc. Nag,
Date of publication, distribution, etc. 1996.
300 ## - PHYSICAL DESCRIPTION
Extent 325p.
650 ## - SUBJECT ADDED ENTRY--TOPICAL TERM
Topical term or geographic name entry element Siva Stotra
9 (RLIN) 126509
942 ## - ADDED ENTRY ELEMENTS (KOHA)
Koha item type Book
Holdings
Withdrawn status Lost status Damaged status Not for loan Permanent Location Current Location Date acquired Cost, normal purchase price Total Checkouts Full call number Barcode Date last seen Cost, replacement price Price effective from Koha item type
        Sree Sankaracharya University of Sanskrit Sree Sankaracharya University of Sanskrit 08.01.2015 300.00   S 294.543 RAM/S 012898 08.01.2015 0.00 08.01.2015 Book